[Event "TUR-chT Superleague 2018"]
[Site "Ankara"]
[Date "2018.08.02"]
[Round "9"]
[White "Ali Marandi, Cemil Can"]
[Black "Zubov, Alexander"]
[Result "1-0"]
[WhiteElo "2540"]
[BlackElo "2604"]
[Annotator "TA"]
[PlyCount "127"]
[EventDate "2018.07.25"]
[EventType "team-tourn"]
[EventCountry "TUR"]
[SourceTitle "playchess.com"]
[Source "ChessBase"]
[SourceQuality "1"]

{[%evp 9,127,0,0,0,0,0,14,0,7,0,-6,-14,-21,-31,0,-88,-68,-63,-18,-6,-8,0,17,0,32,-4,14,0,12,0,0,0,11,0,0,0,0,-8,-27,-72,0,0,-8,-61,-75,-81,-87,-75,-83,-200,-195,-358,-352,-518,-235,-265,-52,-59,0,-248,-115,-320,-312,-304,-300,-325,0,-150,0,-310,-48,-30,-10,-12,0,0,65,76,73,68,200,182,320,312,331,275,225,224,361,361,732,635,539,333,499,517,458,413,269,202,282,274,725,681,648,4139,2648,2648,4708,4719,4710,4132,4564,1518,29974,29975,29975,29976,29973,29967]} 1. d4 Nf6 2. Bf4 g6 3. Nc3 d5 4. e3 c6 (4... Bg7 5. h4 h5 6. Nf3 Bg4 7. Be2 Bxf3 8. Bxf3 c6 9. Qd2 Nbd7 10. O-O-O b5 11. Kb1 {½-½ (34) Aronian,L (2797)-Vachier Lagrave,M (2793) Caleta 2018}) 5. h4 Qb6 6. Rb1 {A45: Trompowsky Attack} h5 7. Nf3 Bg4 8. Be2 {The position is equal.} Bg7 9. Ne5 {[%cal Re2g4]} Bxe2 10. Qxe2 Nbd7 11. f3 $146 ({Predecessor:} 11. b4) 11... e6 12. g4 (12. Nd3 $11) 12... hxg4 $17 13. fxg4 g5 14. Nxd7 Nxd7 15. Bxg5 f6 {[%cal Bf7f6,Bf6f5][%mdl 32]} 16. Bf4 O-O-O 17. Bg3 f5 18. O-O e5 19. Kg2 (19. gxf5 exd4 20. exd4 Bf6 $17) 19... exd4 20. exd4 Bxd4 21. Qd3 Be5 22. Rxf5 Rde8 $1 {[%cal Bd8e8,Be8f8,Bf8f4][%mdl 32]} 23. Bf2 Qb4 24. Kh3 (24. Qd1 Reg8 $17) 24... Rhg8 (24... Ref8 $1 $17 {And now ...Rxf5 would win.} 25. a3 Rxf5 26. Qxf5 (26. axb4 $2 Rxf2 27. Rh1 Rhf8 $19) 26... Qc4) 25. g5 $11 Rgf8 {...Rxf5 is the strong threat.} 26. Rxf8 (26. Re1 $1 $11) 26... Rxf8 $40 {[%mdl 128] Black attacks with force.} 27. a3 Qd6 {[%mdl 1024] Black has strong compensation.} 28. Kg2 Qe6 {Threatens to win with ...Qg4+.} 29. Qe2 {[#]} (29. Rg1 $17 {only move.}) 29... Rf4 $1 $19 30. Rg1 $2 (30. Rd1 Qf5 31. Bg3) 30... Qf5 31. Kf1 (31. g6 {might work better.} d4 32. Nb1) 31... Qh3+ (31... Bd4 $142 32. Nd1 Re4) 32. Rg2 Qh1+ $2 (32... Bd4 $19 33. Nd1 Nc5) 33. Rg1 $15 Qh3+ $2 (33... Qxh4 $15 34. Ke1 Qh3) 34. Rg2 $1 $19 Qxh4 (34... Bd4 $19 35. Nd1 Nc5) 35. Nd1 $2 (35. Kg1 $17 Rxf2 36. Rxf2) 35... Qh1+ 36. Rg1 Qh3+ 37. Rg2 Qh1+ (37... Re4 $19 {has better winning chances.} 38. Qd3 Qh5 39. Bxa7 Rf4+ 40. Nf2 c5) 38. Rg1 $17 Qh3+ $2 (38... Qh8 $17 39. g6 Bg7) 39. Rg2 $1 $19 d4 $2 (39... Re4 $19 40. Qd3 Qh1+ 41. Rg1 Qh5) 40. Kg1 $15 Rf8 41. Qg4 Qh7 42. g6 {[%cal Bg5g6,Bg6g7][%mdl 32]} Qh6 (42... Qg7 $11) 43. Bxd4 $14 Bxd4+ 44. Qxd4 {Strongly threatening g7.} Rg8 (44... Re8 $1 $14) 45. g7 $18 Nf6 (45... c5 {was called for.} 46. Qe3 Qd6) 46. Qe3 (46. Qxa7 Rxg7 47. Qa8+ Kc7 $11) 46... Qh5 {[#]} 47. Qe6+ $1 Kc7 48. Qe7+ ({Not} 48. Qxf6 Qxd1+ 49. Kf2 Qxc2+ 50. Kg3 Qd3+ 51. Kg4 (51. Kh2 Qd6+ 52. Qxd6+ Kxd6 $11) 51... Qd5 $14) 48... Kb6 (48... Nd7 $142) 49. Ne3 ({Weaker is} 49. Qxf6 Qxd1+ 50. Kh2 Qh5+ 51. Kg3 Ka6 $18) 49... Nd5 $2 (49... Qc5 50. Qxc5+ (50. Qxf6 Qxe3+ 51. Kh2 Qe4 $18) 50... Kxc5) 50. Qe6 Nxe3 51. Qxe3+ {[%mdl 4096] Endgame KQR-KQR} Ka6 (51... Kc7 $142 52. Qe7+ Kb6 53. Qe3+ Kc7 54. Qe7+ Kb6 55. Qb4+ Kc7 56. Qf4+ Kb6) 52. Qd3+ b5 53. Qd6 Qf3 54. Qd4 Qf7 55. a4 Re8 $2 (55... bxa4 56. Qxa4+ Kb7) 56. axb5+ cxb5 {intending ...Re1+.} 57. Qf2 Qe6 58. Rg3 {White threatens Ra3+ and mate.} b4 59. Qe3 Qxe3+ 60. Rxe3 Rg8 61. Rg3 b3 62. cxb3 {White mates.} Kb5 63. Kh2 Kc5 64. Kh3 {Precision: White = 47%, Black = 31%.} 1-0

[Event "TUR-chT Superleague 2018"]
[Site "Ankara"]
[Date "2018.08.02"]
[Round "9"]
[White "Muzychuk, Mariya"]
[Black "Ozturk, Kubra"]
[Result "1/2-1/2"]
[WhiteElo "2528"]
[BlackElo "2330"]
[Annotator "TA"]
[PlyCount "73"]
[EventDate "2018.07.25"]
[EventType "team-tourn"]
[EventCountry "TUR"]
[SourceTitle "playchess.com"]
[Source "ChessBase"]
[SourceQuality "1"]

{[%evp 17,73,0,0,-29,-21,-34,0,-51,-62,-51,-20,-19,-16,-12,-12,-48,-43,-55,-45,-74,-79,-88,-95,-90,-88,-88,-79,-77,-95,-89,-85,-89,-82,-91,-63,-102,-104,-107,-85,-82,-13,-13,-13,-13,-8,-10,-10,-10,-8,-22,-28,-23,0,0,0,0,0,0]} 1. d4 d5 2. c4 e6 3. Nc3 Be7 4. cxd5 exd5 5. Bf4 c6 6. e3 Bf5 7. g4 Be6 8. h3 Nd7 {D31: Queen's Gambit Declined: Semi-Slav without ...Nf6 (+ Marshall Gambit and Noteboom) and Exchange Variation lines without ...Nf6} 9. Nf3 g5 {LiveBook: 7 Games} 10. Be5 Nxe5 {Black has an edge.} 11. Nxe5 Bf6 $146 ({Predecessor:} 11... f6 12. Nd3 Bd6 13. Qf3 Qe7 14. O-O-O O-O-O 15. Bg2 h5 16. e4 dxe4 17. Qxe4 {1-0 (43) Beliavsky,A (2630)-Kanmazalp,O (2389) Plovdiv 2012}) 12. Qc2 (12. Nd3 $11) 12... Bxe5 13. dxe5 f6 14. exf6 Qxf6 15. O-O-O O-O-O 16. Na4 Kb8 17. Nc5 Bc8 18. Bd3 Ne7 19. Kb1 h5 20. Qe2 hxg4 21. hxg4 Ng6 22. Bxg6 Qxg6+ 23. Ka1 b6 {[#] ...Rxh1 is the strong threat.} 24. Nb3 {[%cal Bc5b3,Bb3d4,Bd4f5][%mdl 32]} c5 25. f3 Qe6 26. Qd2 Bb7 27. Qc3 Rhf8 28. Rh7 Qf6 (28... Ka8 $17 29. Rf1 (29. Qg7 Rb8 $17) 29... Qg6) 29. Nd4 $11 Ka8 30. Nf5 Qxc3 31. bxc3 d4 32. exd4 Bxf3 33. Re1 Bxg4 34. Ree7 Bxf5 35. Rxa7+ {The position is equal.} Kb8 36. Rab7+ Ka8 37. Ra7+ {Precision: White = 69%, Black = 71%.} 1/2-1/2

[Event "TUR-chT Superleague 2018"]
[Site "Ankara"]
[Date "2018.08.02"]
[Round "9"]
[White "Kevlishvili, Robby"]
[Black "Kanmazalp, Ogulcan"]
[Result "1/2-1/2"]
[WhiteElo "2497"]
[BlackElo "2481"]
[Annotator "TA"]
[PlyCount "90"]
[EventDate "2018.07.25"]
[EventType "team-tourn"]
[EventCountry "TUR"]
[SourceTitle "playchess.com"]
[Source "ChessBase"]
[SourceQuality "1"]

{[%evp 17,90,-9,-9,-32,-7,-17,0,-20,0,-11,-16,-9,0,0,-10,-25,-6,-60,-56,-54,-61,-57,-60,-60,-49,-47,-41,-52,-41,-43,-43,-45,-49,-57,-45,-49,-48,-47,-43,-43,-43,-43,-43,-43,-43,-53,-54,-58,-52,-62,-45,-58,-51,-52,-45,-53,-39,-75,-56,-58,-25,-42,-39,-33,-8,-8,-8,-8,0,0,0,0,0,0,0]} 1. e4 e6 2. d4 d5 3. exd5 exd5 4. Nf3 Bd6 5. c4 Nf6 6. Nc3 O-O 7. c5 {C01: French: Exchange Variation} Be7 8. Bd3 b6 9. cxb6 axb6 {LiveBook: 5 Games} 10. Ne5 (10. O-O Nc6 11. h3 Bb4 12. Bg5 Bxc3 13. bxc3 h6 14. Bh4 Ba6 {1-0 (59) Fressinet,L (2662)-Duda,J (2717) Katowice 2017}) 10... c5 11. O-O cxd4 12. Nb5 Ne4 13. Nxd4 $146 ({Predecessor:} 13. Qc2 Bf6 14. Nf3 Bb7 15. Nbxd4 {½-½ (46) Sepp,O (2335)-Norri,J (2395) Debrecen 1992}) 13... Bf6 14. Nef3 Bg4 15. Be3 Nd7 {[%cal Bb8d7,Bd7c5,Bc5b3][%mdl 32]} 16. Be2 Ndc5 17. Ne1 (17. a3 $11) 17... Bxe2 $15 18. Qxe2 Bxd4 19. Bxd4 {[#]} Nb3 $1 {[%cal Rb3d4][%mdl 512]} 20. Rd1 $1 (20. axb3 Rxa1) 20... Nxd4 21. Rxd4 Rxa2 22. Nf3 Nf6 23. Qc2 Qd6 24. Rfd1 Rfa8 25. Qb3 h6 26. g3 Ra1 27. Kg2 Qc5 (27... R8a2 {keeps more tension.} 28. Re1 Qc6 29. Rb4 Ra6 30. Rd1 Rxd1 31. Qxd1 Qc5) 28. R4d2 Rxd1 29. Qxd1 Rc8 30. Nd4 Qb4 31. Re2 Rc4 32. Nf3 Qc5 33. Ne5 Rc1 34. Qa4 Qa5 35. Qxa5 bxa5 {[%mdl 4096] Endgame KRN-KRN} 36. Kf3 g5 {[%cal Bg7g5,Bg5g4][%mdl 32]} 37. Ng4 Kg7 38. Ne3 h5 39. Rd2 Rc5 40. h4 g4+ 41. Kf4 {The position is equal.} Kg6 42. Ke5 $1 Rb5 43. Ng2 Rb4 44. Nf4+ Kg7 45. Rc2 Rb5 {Precision: White = 63%, Black = 51%.} 1/2-1/2

[Event "TUR-chT Superleague 2018"]
[Site "Ankara"]
[Date "2018.08.02"]
[Round "9"]
[White "Benidze, Davit"]
[Black "Kerigan, Demre"]
[Result "1-0"]
[WhiteElo "2488"]
[BlackElo "2366"]
[Annotator "TA"]
[PlyCount "65"]
[EventDate "2018.07.25"]
[EventType "team-tourn"]
[EventCountry "TUR"]
[SourceTitle "playchess.com"]
[Source "ChessBase"]
[SourceQuality "1"]

{[%evp 19,65,0,-13,-16,3,4,16,0,0,0,7,0,0,0,-7,-10,-13,-13,0,0,0,-34,-35,-28,-41,-32,119,106,119,116,139,129,465,106,190,188,189,189,183,166,180,186,483,500,489,467,1113,1112]} 1. Nf3 g6 2. g3 Bg7 3. Bg2 e5 4. d3 d6 5. c4 Nf6 6. Nc3 O-O 7. Rb1 a5 8. O-O Re8 9. a3 c6 10. Bg5 Nbd7 {[%cal Bb8d7,Bd7b6,Bb6d5,Bd5e3][%mdl 32] LiveBook: 6 Games. A24: English Opening vs King's Indian: Lines without ...Nc6} (10... h6 11. Bxf6 Bxf6 12. b4 axb4 13. axb4 d5 14. cxd5 cxd5 15. e4 dxe4 16. Nxe4 Bg7 17. Re1 Nc6 18. h3 Ra3 19. Nc5 b6 20. Qc1 Ra7 21. b5 Nd4 22. Nxd4 Qxd4 {½-½ (96) Piorun,K (2657)-Kanep,M (2485) Tallinn 2016}) 11. Qc2 $146 ({Predecessor:} 11. b4 axb4 12. axb4 h6 13. Bxf6 Nxf6 14. b5 d5 15. Qc2 e4 16. dxe4 dxe4 17. Rfd1 Qe7 18. Nd4 {0-1 (29) Horton,A (2397)-Trent,L (2436) Katowice 2017}) 11... h6 12. Bd2 Nb6 {The position is equal.} 13. Rfc1 a4 14. Be3 Nfd7 15. Ne4 Bf8 16. Nxd6 Bxd6 17. c5 Nd5 18. cxd6 Nxe3 19. fxe3 Nf6 20. e4 Qxd6 21. Rf1 Ng4 {White must now prevent ...Ne3.} 22. Qc1 {With the idea h3.} Qd8 $2 (22... Kh7 $15 {stays ahead.}) 23. h3 $16 Qb6+ 24. d4 $1 Nf6 25. Qxh6 {aiming for e3.} Nxe4 $2 {[%mdl 8192] [#]} (25... Nh7 $16) 26. Kh2 $2 (26. Nh4 $1 $18 {and the rest is easy.}) 26... exd4 (26... Qb3 $16) 27. Nh4 $18 {Strongly threatening Nxg6!} Qb3 {[#]} 28. Rf3 $1 {[%cal Rf3b3][%mdl 1024] White has strong compensation.} Qe6 {Hoping for ...Ra5.} 29. Rbf1 Re7 {White should prevent ...Ra5.} 30. Rf4 $40 {[%mdl 128] White has strong attack.} g5 $2 (30... Nxg3 31. Kxg3 Ra5) 31. Nf5 {[%csl Gf5][%cal Rh6g7] White is clearly winning.} Qxh6 32. Nxh6+ Kg7 (32... Kh8 $142) 33. Rxf7+ {Precision: White = 58%, Black = 44%.} 1-0

[Event "TUR-chT Superleague 2018"]
[Site "Ankara"]
[Date "2018.08.02"]
[Round "9"]
[White "Atalik, Ekaterina"]
[Black "Mamedjarova, Zeinab"]
[Result "1-0"]
[WhiteElo "2461"]
[BlackElo "2345"]
[Annotator "TA"]
[PlyCount "69"]
[EventDate "2018.07.25"]
[EventType "team-tourn"]
[EventCountry "TUR"]
[SourceTitle "playchess.com"]
[Source "ChessBase"]
[SourceQuality "1"]

{[%evp 24,69,27,0,1,-24,-14,-13,-2,-9,0,0,41,44,49,39,46,49,35,0,0,0,0,0,650,306,297,139,221,139,144,147,416,432,595,591,568,581,6287,6287,6207,5661,5565,5405,5373,5322,2441,2247]} 1. d4 Nf6 2. c4 e6 3. Nc3 b6 4. Nf3 Bb7 5. a3 d5 6. cxd5 Nxd5 7. Qc2 c5 8. e4 Nxc3 9. bxc3 Nd7 10. Bd3 Be7 11. O-O Qc7 12. Qe2 O-O 13. h4 {LiveBook: 4 Games. E12: Queen's Indian: Unusual White 4th moves, 4 a3, 4 Nc3 Bb7 5 a3 and 4 Nc3 Bb7} Rfd8 14. h5 $146 ({Predecessor:} 14. Bg5 Nf8 15. Qe3 Rac8 16. h5 Bxg5 17. Qxg5 h6 18. Qg4 Qe7 19. Rfd1 cxd4 20. cxd4 Rc3 {0-1 (36) Relange,E (2472)-Vachier Lagrave,M (2680) Belfort 2012}) 14... h6 15. e5 {The position is equal.} cxd4 16. cxd4 Bd5 17. Be3 f6 {[%cal Rf6e5]} 18. Rfc1 Qb8 {[%cal Rf6e5]} 19. exf6 Bxf6 20. Nd2 e5 21. Qg4 {And now Bxh6 would win.} exd4 22. Bf4 Be5 23. Qf5 {Strongly threatening Bg3.} Bf7 $2 {[%mdl 8192]} (23... Bxf4 $11 24. Qxd5+ Kh8) 24. Bxe5 (24. Re1 $142) 24... Qxe5 $18 25. Qh7+ Kf8 26. Nf3 $36 {[%mdl 3072] White has strong compensation. White is really pushing.} Qf6 {[#]} 27. Be4 $1 {[%cal Re4a8]} Rab8 $2 {[%mdl 8192]} (27... Bg8 $16 28. Qh8 Ke7) 28. Rc6 Be6 {White is clearly winning.} 29. Re1 Nc5 {[#]} 30. Bd5 $1 {[%mdl 512]} Qf5 (30... Rxd5 31. Qh8+) 31. Qh8+ Kf7 32. Rc7+ Nd7 {[#]} 33. Rxd7+ $1 {[%mdl 512]} Rxd7 34. Bxe6+ Qxe6 35. Qxb8 {Precision: White = 66%, Black = 38%.} 1-0

[Event "TUR-chT Superleague 2018"]
[Site "Ankara"]
[Date "2018.08.02"]
[Round "9"]
[White "Badelka, Olga"]
[Black "Szczepkowska, Karina"]
[Result "1/2-1/2"]
[WhiteElo "2416"]
[BlackElo "2404"]
[Annotator "TA"]
[PlyCount "87"]
[EventDate "2018.07.25"]
[EventType "team-tourn"]
[EventCountry "TUR"]
[SourceTitle "playchess.com"]
[Source "ChessBase"]
[SourceQuality "1"]

{[%evp 16,87,45,10,10,10,68,55,57,51,63,62,64,64,74,61,47,28,72,30,56,27,37,35,45,27,52,63,58,48,74,47,35,35,54,34,34,34,34,34,27,24,31,18,37,39,66,50,67,0,0,0,0,0,0,0,0,0,0,0,0,0,0,0,0,0,0,0,0,0,0,-11,0,0]} 1. c4 c5 2. Nf3 Nc6 3. d4 cxd4 4. Nxd4 Nf6 5. Nc3 e6 6. a3 Be7 7. e4 d6 {A33: Symmetrical English: 2 Nf3 Nf6 3 d4 cxd4 4 Nxd4 e6 5 Nc3 Nc6} (7... O-O 8. Nf3 Qa5 9. Bd2 Qh5 10. Be2 d5 11. cxd5 exd5 12. exd5 Nxd5 13. O-O Nf6 14. Nd4 Qc5 15. Nxc6 Qxc6 {½-½ (45) Carlsen,M (2843)-Anand,V (2760) Stavanger 2018}) 8. Be2 O-O 9. Nf3 {LiveBook: 25 Games} h6 $146 ({Predecessor:} 9... b6 10. O-O Bb7 11. Bf4 Rc8 12. Rc1 Ne5 13. Nd2 Re8 14. Bg3 a6 15. Re1 Qc7 16. b4 Qb8 17. Bf1 Red8 18. f4 Ng6 19. Nb3 h5 20. f5 exf5 21. exf5 {0-1 (56) Yilmaz,M (2569)-Cheparinov,I (2681) Kocaeli 2014}) 10. O-O e5 (10... b6 $11) 11. Qd3 Be6 12. Nd5 Bg4 13. Be3 Nxd5 14. cxd5 Nb8 {[%cal Bc6b8,Bb8d7,Bd7f6][%mdl 32]} 15. Rac1 Nd7 16. Qb5 b6 17. b4 Nf6 18. Nd2 Bd7 19. Qd3 Ne8 20. Rc3 f5 21. exf5 Bxf5 22. Ne4 Kh8 23. f3 Nf6 24. Rfc1 Bg6 25. Rc7 Nxe4 26. fxe4 Bg5 27. Bf3 Bf4 28. Bxf4 Rxf4 29. g3 Rf8 30. h4 Rf7 31. R7c3 Qf6 32. Rc8+ ({White should try} 32. Qe2 $14) 32... Rxc8 $11 {The position is equal.} 33. Rxc8+ Rf8 34. Rxf8+ Qxf8 35. Bg4 Qf7 36. Qc4 h5 37. Be2 Qd7 38. Bf3 Qa4 39. Qc3 a5 40. bxa5 bxa5 41. Qd3 Kh7 42. Kf2 Kh8 43. Ke3 Kh7 44. Kf2 {Precision: White = 45%, Black = 52%.} 1/2-1/2

[Event "TUR-chT Superleague 2018"]
[Site "Ankara"]
[Date "2018.08.02"]
[Round "9"]
[White "Yurtseven, Melih"]
[Black "Oksuz, Akin"]
[Result "0-1"]
[WhiteElo "2404"]
[BlackElo "2167"]
[Annotator "NA"]
[PlyCount "86"]
[EventDate "2018.07.25"]
[EventType "team-tourn"]
[EventCountry "TUR"]
[SourceTitle "playchess.com"]
[Source "ChessBase"]
[SourceQuality "1"]
[TimeControl "40/5400+30:1800+30"]

1. Nf3 {[%emt 0:00:30]} d6 {[%emt 0:00:30]} 2. d4 {[%emt 0:00:30]} g6 {[%emt 0:00:30]} 3. e4 {[%emt 0:00:00]} Nf6 {[%emt 0:00:30]} 4. Bd3 {[%emt 0:00:00]} Bg7 {[%emt 0:00:00] LiveBook: 524 Games} 5. O-O {[%emt 0:00:00]} O-O {[%emt 0:01:00]} 6. c3 {[%emt 0:00:00]} Nbd7 {[%emt 0:03:30]} 7. Be3 {[%emt 0:00:30] B07: Pirc Defence: Miscellaneous Systems} (7. Re1 e5 8. a4 Re8 9. Bg5 h6 10. Bh4 g5 11. Bg3 Nh5 12. Na3 Nxg3 13. hxg3 exd4 14. cxd4 Nf8 15. Nc2 a6 {1-0 (51) Grachev,B (2658)-Can,E (2589) Minsk 2017}) 7... e5 {[%emt 0:00:30]} 8. Nbd2 {[%emt 0:00:00]} b6 {[%emt 0:00:30]} 9. a4 {[%emt 0:00:00]} a6 $146 {[%emt 0:02:30]} ({Predecessor:} 9... a5 10. Re1 Bb7 11. Qc2 Re8 12. Rad1 h6 13. h3 Nh5 14. Bb5 c6 {½-½ (52) Sanal,V (2543)-Olcum,A (2257) Batumi 2018}) 10. Qb1 {[%emt 0:01:30]} Bb7 {[%emt 0:00:30]} 11. b4 {[%emt 0:00:00]} h6 {[%emt 0:07:30]} 12. h3 {[%emt 0:00:00]} Re8 {[%emt 0:03:30]} 13. d5 {[%emt 0:05:30]} Nh5 {[%emt 0:03:30]} 14. Rc1 {[%emt 0:00:30]} Nf4 {[%emt 0:12:30]} 15. Bf1 {[%emt 0:00:30]} f5 {[%emt 0:01:30]} 16. exf5 {[%emt 0:07:30]} (16. c4 $16) 16... Nxd5 {[%emt 0:04:30]} 17. Bc4 {[%emt 0:00:30]} gxf5 {[%emt 0:05:30]} 18. Qxf5 {[%emt 0:03:30]} Kh8 {[%emt 0:00:30]} 19. Bg5 {[%emt 0:03:30]} N7f6 {[%emt 0:11:30]} 20. Bh4 {[%emt 0:11:30]} Qc8 {[%emt 0:04:30]} 21. Qc2 {[%emt 0:06:30]} Nf4 {[%emt 0:00:30]} 22. Bg3 {[%emt 0:02:30]} N6h5 {[%emt 0:04:30]} 23. Nh4 {[%emt 0:04:30]} d5 {[%emt 0:00:30]} 24. Bf1 $17 {[%emt 0:00:30]} e4 {[%emt 0:00:00]} 25. Nb3 {[%emt 0:05:30]} Rg8 {[%emt 0:02:00]} 26. Nd4 {[%emt 0:14:30]} Be5 {[%emt 0:01:30]} 27. Bxf4 {[%emt 0:07:30]} Bxf4 {[%emt 0:06:30]} 28. Ndf5 {[%emt 0:00:30]} Rg5 {[%emt 0:02:30]} 29. g4 {[%emt 0:06:53]} Qe6 {[%emt 0:02:10]} 30. Bg2 {[%emt 0:02:13]} Bxc1 {[%emt 0:03:21]} 31. Qxc1 {[%emt 0:00:19]} Ng7 {[%emt 0:00:11]} 32. Qf4 {[%emt 0:03:59]} Nxf5 {[%emt 0:01:53]} 33. Nxf5 {[%emt 0:01:30]} Rag8 {[%emt 0:00:41]} 34. Qxc7 {[%emt 0:04:42]} Bc8 {[%emt 0:00:04]} 35. Rd1 {[%emt 0:05:06]} Rxf5 {[%emt 0:03:46]} 36. gxf5 {[%emt 0:00:30]} Qxf5 {[%emt 0:00:00]} 37. Re1 {[%emt 0:02:18]} Qf3 {[%emt 0:11:06]} 38. Qe5+ {[%emt 0:00:07]} Kh7 {[%emt 0:00:30]} 39. Qc7+ {[%emt 0:00:00]} Bd7 {[%emt 0:00:00]} 40. Qxd7+ {[%emt 0:00:00]} Kh8 {[%emt 0:00:00]} 41. Kf1 {[%emt 0:07:53]} Qxg2+ {[%emt 0:03:48]} 42. Ke2 {[%emt 0:00:30]} Qf3+ {[%emt 0:00:30]} 43. Kf1 {[%emt 0:00:00]} Rf8 {[%emt 0:00:30]} 0-1

[Event "TUR-chT Superleague 2018"]
[Site "Ankara"]
[Date "2018.08.02"]
[Round "9"]
[White "Koksal, Ege"]
[Black "Erdogdu, Mert"]
[Result "1/2-1/2"]
[WhiteElo "2381"]
[BlackElo "2411"]
[Annotator "NA"]
[PlyCount "62"]
[EventDate "2018.07.25"]
[EventType "team-tourn"]
[EventCountry "TUR"]
[SourceTitle "playchess.com"]
[Source "ChessBase"]
[SourceQuality "1"]
[TimeControl "40/5400+30:1800+30"]

1. d4 {[%emt 0:00:30]} Nf6 {[%emt 0:00:30]} 2. Nf3 {[%emt 0:00:30]} g6 {[%emt 0:00:00]} 3. g3 {[%emt 0:00:30]} Bg7 {[%emt 0:00:00]} 4. Bg2 {[%emt 0:00:30]} d5 {[%emt 0:01:30]} 5. c4 {[%emt 0:02:30]} dxc4 {[%emt 0:00:30]} 6. Qa4+ {[%emt 0:00:30]} Nfd7 {[%emt 0:00:30]} 7. O-O {[%emt 0:05:30]} Nc6 {[%emt 0:00:30] LiveBook: 23 Partien} 8. Qxc4 {[%emt 0:00:30]} Nb6 {[%emt 0:01:30]} 9. Qc2 {[%emt 0:00:00]} O-O {[%emt 0:07:30]} 10. e3 {[%emt 0:03:00] D76: Fianchetto Grünfeld: Main Line with 7...Nb6} a5 {[%emt 0:14:30]} (10... Bf5 11. e4 Bg4 12. d5 Bxf3 13. dxc6 Bxg2 14. Kxg2 bxc6 15. Qxc6 Qd6 16. Qc2 Rfd8 17. a4 a5 {0-1 (49) Khotenashvili,B (2526)-Wei,Y (2675) Caleta 2015}) 11. Nc3 $146 {[%emt 0:06:30]} ({Predecessor:} 11. Rd1 Bd7 12. h3 Qc8 13. Kh2 Nb4 14. Qe2 c5 15. Nc3 Be6 16. Qb5 Ra6 17. Qxc5 Qxc5 18. dxc5 {1-0 (91) Ricardi,P (2544)-Slipak,S (2498) Pinamar 2002}) 11... a4 {[%emt 0:06:30]} 12. Rd1 {[%emt 0:00:30]} Ra5 {[%emt 0:02:30]} 13. Bd2 {[%emt 0:12:30]} Bf5 {[%emt 0:10:30]} 14. Ne4 {[%emt 0:09:30]} Rb5 {[%emt 0:05:30]} 15. Nh4 {[%emt 0:04:30]} Bg4 {[%emt 0:00:30]} 16. Rdc1 $16 {[%emt 0:03:30]} Bc8 {[%emt 0:24:30]} 17. Nc5 {[%emt 0:14:30]} Nxd4 {[%emt 0:06:34]} 18. exd4 {[%emt 0:00:30]} Bxd4 {[%emt 0:00:10]} 19. Nd3 {[%emt 0:00:30]} g5 {[%emt 0:02:20]} 20. Nf3 {[%emt 0:05:30]} Bf5 {[%emt 0:00:20]} 21. Nxd4 {[%emt 0:00:30]} Qxd4 {[%emt 0:00:10]} 22. Bf1 {[%emt 0:02:30]} Rd8 {[%emt 0:02:25]} 23. Be3 {[%emt 0:01:30]} Qd6 {[%emt 0:01:05]} 24. Bxb6 {[%emt 0:05:30]} cxb6 {[%emt 0:00:14]} 25. Qxa4 {[%emt 0:11:09]} Ra5 {[%emt 0:00:27]} 26. Qb3 {[%emt 0:02:01]} Bxd3 {[%emt 0:00:18]} 27. Rd1 {[%emt 0:00:52]} Rd5 {[%emt 0:00:37]} 28. Bxd3 {[%emt 0:00:31]} Rxd3 {[%emt 0:00:30]} 29. Rxd3 {[%emt 0:00:30]} Qxd3 {[%emt 0:00:30]} 30. Qxb6 {[%emt 0:00:00]} Qd5 {[%emt 0:02:49]} 31. Rc1 {[%emt 0:00:21]} Rd6 {[%emt 0:03:11]} 1/2-1/2

[Event "TUR-chT Superleague 2018"]
[Site "Ankara"]
[Date "2018.08.02"]
[Round "9"]
[White "Erturan, Yakup"]
[Black "Haznedaroglu, Kivanc"]
[Result "0-1"]
[WhiteElo "2378"]
[BlackElo "2458"]
[Annotator "TA"]
[PlyCount "56"]
[EventDate "2018.07.25"]
[EventType "team-tourn"]
[EventCountry "TUR"]
[SourceTitle "playchess.com"]
[Source "ChessBase"]
[SourceQuality "1"]

{[%evp 22,56,2,0,38,31,40,0,53,0,0,-12,-18,-149,-89,-216,-202,-239,-185,-194,-195,-192,-212,-212,-83,-155,-166,-401,-370,-816,-810,-798,-796,-788,-772,-971,-910]} 1. Nf3 d5 2. d4 Nf6 3. c4 e6 4. Nc3 c6 5. e3 Nbd7 6. Bd3 dxc4 7. Bxc4 b5 8. Be2 Bd6 9. O-O O-O 10. Qc2 Qe7 {D46: Semi-Slav: 5 e3 Nbd7 6 Bd3, Black avoids the Meran} 11. Ng5 Bb7 12. Nce4 {LiveBook: 3 Games} h6 $146 {The position is equal.} ({Predecessor:} 12... Bc7 13. Bd2 Nxe4 14. Nxe4 f5 15. Nc5 Nxc5 16. dxc5 a5 17. a3 e5 18. e4 {½-½ (34) Parligras,M (2595)-Quesada Perez,Y (2636) Baku 2016}) 13. Nxd6 Qxd6 14. Nf3 Rac8 (14... c5 $11) 15. Qb3 ({Better is} 15. e4 $14 Qe7 16. e5) 15... a6 $11 16. Bd2 c5 17. Qa3 (17. dxc5 $11 Nxc5 18. Qb4) 17... b4 (17... Ng4 $142 18. g3 Qd5) 18. Qa5 (18. Qb3 $17) 18... Ng4 $19 {Strongly threatening ...Bxf3.} 19. Rfd1 {aiming for dxc5.} Bxf3 $1 20. Bxf3 Qxh2+ 21. Kf1 cxd4 22. exd4 Qh4 $40 {[%mdl 128] Black is out for blood.} (22... Ndf6 $19 23. Rac1 Rxc1 24. Rxc1 e5 25. Qxb4 Re8) 23. g3 (23. Bxg4 $142 Qxg4 24. Kg1) 23... Qh2 $1 $17 {[%csl Gg4][%cal Rh2f2]} ({Stronger than} 23... Nh2+ 24. Kg2 $11) 24. Bg2 $2 {[#]} (24. Bxg4 Qh1+ 25. Ke2 Qe4+ 26. Kf1 Qxg4 27. Qxa6) 24... Ndf6 $1 $19 {[%cal Rf6e4] ...Ne4! is the strong threat.} ({Not} 24... Rc2 25. Qa4 $15) 25. Be1 $2 (25. Re1 Rc2 26. Re2) 25... Rc2 {( -> ...Ne3+!). Black is clearly winning.} 26. Rd2 {[#]} Rxd2 $1 27. Bxd2 {[#]} Nxf2 $1 {[%mdl 512]} 28. Qxa6 (28. Kxf2 Ne4+) 28... Nh3 {Precision: White = 12%, Black = 63%.} 0-1